00511nam a2200145Ia 4500008004100000041000800041082001400049100001800063245003700081260004500118300003200163365001100195999001700206952014200223240624s9999 xx 000 0 und d aeng a338.7 PEN aPENROSE EDITH aTHEORY OF THE GROWTH OF THE FIRM c2009aNew DelhibOxford University press axlix, : 249 : p. : cm. ; 23 cRSb30 c14320d14320 00104070aIMTNbIMTNcRack 13-Ad2010-01-27ePSBEg595.00l2n688o338.7 PENp14320r2025-10-29 17:28:32s2025-10-13t1w2024-06-24yBK